Central Library OPAC University of Rajshahi

Economic Census 2013, District Report: (Record no. 39773)

MARC details
000 -LEADER
fixed length control field 00751nam a2200217 a 4500
001 - CONTROL NUMBER
control field 39773
003 - CONTROL NUMBER IDENTIFIER
rucl marc code BD-RjUL
005 - DATE AND TIME OF LATEST TRANSACTION
control field 20211209053044.0
008 - FIXED-LENGTH DATA ELEMENTS--GENERAL INFORMATION
fixed length control field 180506s2016 bg a|||| |||| 001 0 eng d
020 ## - INTERNATIONAL STANDARD BOOK NUMBER
International Standard Book Number 9789845190527
Terms of availability : Complimentary
035 ## - SYSTEM CONTROL NUMBER
System control number (BD-RjUL)39886
040 ## - CATALOGING SOURCE
Original cataloging agency BD-RjUL
Language of cataloging eng
Transcribing agency BD-RjUL
041 ## - LANGUAGE CODE
Language code of text/sound track or separate title eng
082 ## - DEWEY DECIMAL CLASSIFICATION NUMBER
Edition number 23
Classification number RA 330.954924021
Author mark and year CHP 2016
110 1# - MAIN ENTRY--CORPORATE NAME
Corporate name or jurisdiction name as entry element Bangladesh Bureau of Statistics (BBS)
9 (RLIN) 221291
245 10 - TITLE STATEMENT
Title Economic Census 2013, District Report:
Remainder of title Chapai Nawabganj /
Statement of responsibility, etc. Bangladesh Bureau of Statistics (BBS)
260 ## - PUBLICATION, DISTRIBUTION, ETC. (IMPRINT)
Place of publication, distribution, etc. Dhaka:
Name of publisher, distributor, etc. BBS,
Date of publication, distribution, etc. 2016
300 ## - PHYSICAL DESCRIPTION
Pagination xviii, 532 p. :
Size Ill. ;
Illustrations 28 cm.
650 ## - SUBJECT ADDED ENTRY--TOPICAL TERM
Topical term or geographic name as entry element Bangladesh
Geographic subdivision Chapai Nawabganj
General subdivision Economic conditions
Chronological subdivision 21st century
Form subdivision Statistics
9 (RLIN) 221292
942 ## - ADDED ENTRY ELEMENTS (KOHA)
Source of classification or shelving scheme Dewey Decimal Classification
Koha item type Rare Books
Holdings
Lost status Source of classification or shelving scheme Damaged status Not for loan Collection code Permanent Location Current Location Shelving location Date acquired Source of acquisition Total Checkouts Full call number Date last seen Copy number Koha item type
  Dewey Decimal Classification   Not For Loan Rare Books Central Library, University of Rajshahi Central Library, University of Rajshahi Rare Book Section 01/10/2017 BBS, Dhaka, Bangladesh   RA 330.954924021 CHP 2016 06/05/2018 C-1 Rare Books